Music Quiz

Random Music or Song Quiz

'Take Me Home, Country Roads' Lyrics Quiz Stats

 Plays Quiz Updated Nov 26, 2017

Challenge
Share
Tweet
Embed
Score 0/146 Timer 10:00
12 Plays Today
Lyric % Correct
me
98.9%
me
98.9%
me
98.9%
me
98.9%
me,
98.9%
me
98.9%
me
98.9%
me
98.9%
take
98.8%
take
98.8%
take
98.8%
take
98.8%
take
98.8%
take
98.8%
home
98.7%
home,
98.7%
home
98.7%
home,
98.7%
home
98.7%
home
98.7%
home
98.7%
home,
98.7%
Country
98.1%
country
98.1%
Country
98.1%
country
98.1%
Country
98.1%
country
98.1%
I
98%
I
98%
I
98%
I
98%
I
98%
I
98%
the
97%
the
97%
the
97%
the
97%
the
97%
the
97%
the
97%
the
97%
the
96.9%
to
95.6%
to
95.6%
to
95.6%
to
95.6%
road
95.2%
West
93.9%
Lyric % Correct
West
93.9%
West
93.9%
West
93.9%
Virginia,
93.8%
Virginia,
93.8%
Virginia,
93.8%
Virginia,
93.8%
place
93.5%
place
93.5%
place
93.5%
roads,
92.1%
roads.
92.1%
roads,
92.1%
roads.
92.1%
roads,
92.1%
roads.
92.1%
belong.
91.7%
belong.
91.7%
belong.
91.7%
a
89.5%
a
89.1%
mountain
88.8%
mountain
88.8%
mountain
88.8%
momma,
82.9%
momma,
82.9%
momma,
82.9%
is
68.9%
in
67.2%
in
67.2%
Blue
66.3%
blue
66.3%
my
64.9%
my
64.9%
my
64.9%
Mountains,
64.1%
mountains,
64.1%
River.
63.8%
Ridge
63.3%
she
62.4%
and
60%
And
60%
Almost
58.7%
of
58.5%
of
58.5%
there,
58.4%
heaven,
58.4%
than
58.2%
than
58.2%
Lyric % Correct
Life
57.5%
old
56.9%
her,
54.4%
her
54.4%
on
53.3%
trees
53.1%
older
52.8%
like
52.6%
that
50.9%
breeze.
49.4%
hear
48.1%
have
48%
Shenandoah
47.8%
far
47.1%
away.
47%
younger
46.8%
All
45.6%
been
45.2%
yesterday.
44.1%
yesterday,
44.1%
reminds
43.9%
should
43.8%
down
43.1%
mornin'
42.5%
calls
42.3%
water.
42.3%
voice
42.1%
sky,
39.8%
radio
39.5%
get
39.2%
feeling
38.4%
'round
37.9%
eye.
37.5%
memories
37.3%
gather
35.7%
stranger
34.6%
teardrop
34.5%
drivin'
34%
moonshine,
33.4%
blowin'
33.2%
Dark
32.4%
dusty,
32.1%
lady,
32%
misty
31.8%
taste
31.4%
hour,
30.3%
painted
29.8%
miner's
23.1%

You're not logged in!

Compare scores with friends on all Sporcle quizzes.
Join for Free
OR
Log In

You Might Also Like...

Show Comments

Extras

Top Quizzes Today


Score Distribution

Your Account Isn't Verified!

In order to create a playlist on Sporcle, you need to verify the email address you used during registration. Go to your Sporcle Settings to finish the process.

Report this User

Report this user for behavior that violates our Community Guidelines.

Details: